| 000 | 00994na a2200301 4500 | ||
|---|---|---|---|
| 001 | 12659 | ||
| 003 | MIRAKIL | ||
| 005 | 20181213155309.0 | ||
| 008 | 160813b tu 000 0 | ||
| 020 | _a9786053992646 | ||
| 035 | _a12659 | ||
| 040 |
_aMilas _btur _cTR-AnCHP |
||
| 082 |
_a158.24 _bB21 2012 |
||
| 090 | _a158.24 B21 2012 | ||
| 245 |
_aBaba işlevi _cDerleyen M. Işıl Ertüzün ; Yayına hazırlayan Hatice Pınar Mutlu ; Düzelti Remzi Abbas |
||
| 260 |
_aİstanbul _bİstanbul Bilgi Üniversitesi Yayınları _c2012 |
||
| 300 |
_axii, 176 s. _c23 sm. |
||
| 490 |
_aPsike İstanbul Psikanaliz Kitaplığı Koferanslar _v4 |
||
| 490 |
_aİstanbul Bilgi Üniversitesi yayınları _v406 |
||
| 504 | _aDizin var. | ||
| 650 |
_aBaba ve çocuk _xPsikanaliz ve kültür |
||
| 650 |
_aBabalık _xPsikolojik yönler |
||
| 650 |
_aPsikanaliz _xToplantılar |
||
| 700 | _aAbbas, Remzi | ||
| 700 | _aMutlu, Hatice Pınar | ||
| 700 | _aErtüzün, M. Işıl | ||
| 942 |
_2ddc _cBKS |
||
| 999 |
_c10157 _d10157 |
||